000 00411nam a2200109Ia 4500
008 160909s9999 xx 000 0 und d
100 _aBayyan, Aquil F., Sr.
245 _aOne-to-one mobile technology and standardized testing: A quantitative ex post facto study
260 _bUniversity of Phoenix.
_c2016
650 _aInformation Technology
856 _uhttp://pqdtopen.proquest.com/doc/1785396218.html?FMT=ABS
999 _c303759
_d303759